Normal view
MARC view
- Radcraft, .
Entry Personal Name
001 - CONTROL NUMBER
- control field: 1800
003 - CONTROL NUMBER IDENTIFIER
- control field: OSt
005 - DATE AND TIME OF LATEST TRANSACTION
- control field: 20161014152035.0
008 - FIXED-LENGTH DATA ELEMENTS
- fixed length control field: 161014|| aca||aabn | a|a d
040 ## - CATALOGING SOURCE
- Original cataloging agency: OSt
- Transcribing agency: OSt
100 ## - HEADING--PERSONAL NAME
- Personal name: Radcraft, .
670 ## - SOURCE DATA FOUND
- Source citation: Work cat.: (OSt)5631: Radcraft, ., How to Build Radio Receiver / , 1960.
